LDR 00727naa#a2200181#i#450# 001 EN\\bibl\124380 005 20260607004121.7 011 ## _a2073-1574 100 ## _a20260529b2026####ek#y0engy0150####ca 102 ## _aRU 200 1# _aMethodological justification of the choice of technological equipment at container terminals of Russian seaports _eJournal article 210 1# _aAstrakhan _cAstrakhan State Technical University _d2026 215 ## _a8 с. 608 ## _aJournal article _2local 675 ## _aПереработка грузов в портах. 656.073.28 _aМашины и оборудование в целом. 658.274 _z 700 #1 _aLazarev _gVladimir Anatolyevich 700 #1 _aMerkulov _gIvan Sergeevich 856 4# _avestnik.astu.org _u